000 01297cam a2200241 4500
001 WB@3612-387
008 041118n2004 000 0 eng u
035 _a(Sirsi) u128026
245 _aImportance of lettings policies
260 _c2004
490 _aInside Housing
_v21(45) 12 November 2004, 7(1)
520 _aA report commissioned by the Housing Corporation, "Community conflict", states that lettings policies should be altered to create communities that are racially, demographically and socially more balanced. Current social housing allocations and lettings polices have produced neighbourhoods with disproportionately and disruptively high densities of children and adolescents - leading to tensions. Lettings policies should be flexible enough to be altered to produce more balanced and sustainable communities in terms of demography, racial mix, social networks of friends and families, and mixed incomes. The report is available to download from: http://www.lemosandcrane.co.uk/Home.asp?ObjectID=3 6.
590 _aWB
590 _aWB
650 _aCOMMUNITIES
650 _aNEIGHBOURHOOD REGENERATION
650 _aRACE RELATIONS
650 _aSOCIAL HOUSING
650 _aLETTING POLICY
650 _aSUSTAINABLE COMMUNITIES
690 _aHOUSING
942 _n0
999 _c118330
_d118330